000 00586nam a2200169Ia 4500
008 090711s9999 xx 000 0 und d
082 _b17478
100 _aमाडखोलकर गजानन त्र्यं.
245 _aअनघा
260 _bदेशमुख आणि कंपनी पब्लिशर्स
_c1949
300 _a238
600 _aमाडखोलकर गजानन त्र्यं.
630 _aअनघा
700 _aमाडखोलकर गजानन त्र्यं.
730 _aअनघा
942 _cBOOK
999 _c295708
_d295708